Father of the bride (Record no. 58771)
[ view plain ]
| 000 -LEADER | |
|---|---|
| fixed length control field | 03558cgm a2200793Ia 4500 |
| 001 - CONTROL NUMBER | |
| control field | 8620066 |
| 005 - DATE AND TIME OF LATEST TRANSACTION | |
| control field | 20140304143828.0 |
| 007 - PHYSICAL DESCRIPTION FIXED FIELD--GENERAL INFORMATION | |
| fixed length control field | vd bvaizu |
| 008 - FIXED-LENGTH DATA ELEMENTS--GENERAL INFORMATION | |
| fixed length control field | 060901p20061950cau094 g vleng d |
| 020 ## - INTERNATIONAL STANDARD BOOK NUMBER | |
| International Standard Book Number | 1419824651 |
| 020 ## - INTERNATIONAL STANDARD BOOK NUMBER | |
| International Standard Book Number | 9781419824654 |
| 024 1# - OTHER STANDARD IDENTIFIER | |
| Standard number or code | 012569678972 |
| 028 42 - PUBLISHER NUMBER | |
| Publisher number | 67897 |
| Source | Warner |
| 029 1# - (OCLC) | |
| OCLC library identifier | AU@ |
| System control number | 000046301869 |
| 035 ## - SYSTEM CONTROL NUMBER | |
| System control number | (OCoLC)ocm71230756 |
| 035 ## - SYSTEM CONTROL NUMBER | |
| System control number | (OCoLC)71230756 |
| 035 ## - SYSTEM CONTROL NUMBER | |
| System control number | (NNC)8620066 |
| 040 ## - CATALOGING SOURCE | |
| Original cataloging agency | NOG |
| Transcribing agency | NOG |
| Modifying agency | OCLCQ |
| -- | WAU |
| -- | RCS |
| -- | GCD |
| -- | OCLCQ |
| -- | OCLCA |
| -- | OCLCQ |
| -- | OCLCA |
| -- | WAU |
| -- | MVQ |
| -- | OCLCQ |
| 041 1# - LANGUAGE CODE | |
| Language code of text/sound track or separate title | eng |
| -- | fre |
| Language code of original and/or intermediate translations of text | eng |
| 050 14 - LIBRARY OF CONGRESS CALL NUMBER | |
| Classification number | PN1995.9.C55 |
| Item number | F38447 2006 |
| 082 04 - DEWEY DECIMAL CLASSIFICATION NUMBER | |
| Classification number | 791.43/72 |
| Edition number | 22 |
| 130 0# - MAIN ENTRY--UNIFORM TITLE | |
| Uniform title | Father of the bride (Motion picture : 1950) |
| 9 (RLIN) | 25771 |
| 245 10 - TITLE STATEMENT | |
| Title | Father of the bride |
| Medium | [videorecording] / |
| Statement of responsibility, etc | a Metro-Goldwyn-Mayer picture ; produced by Pandro S. Berman ; screenplay by Frances Goodrich and Albert Hackett ; directed by Vincente Minnelli. |
| 260 ## - PUBLICATION, DISTRIBUTION, ETC. (IMPRINT) | |
| Place of publication, distribution, etc | Burbank, CA : |
| Name of publisher, distributor, etc | Warner Home Video, |
| Date of publication, distribution, etc | [2006] |
| 300 ## - PHYSICAL DESCRIPTION | |
| Extent | 1 videodisc (94 min.) : |
| Other physical details | sd., b&w ; |
| Dimensions | 4 3/4 in. |
| 500 ## - GENERAL NOTE | |
| General note | Originally produced as motion picture in 1950. |
| 500 ## - GENERAL NOTE | |
| General note | Based on the novel by Edward Streeter. |
| 500 ## - GENERAL NOTE | |
| General note | Special features include newsreels, behind the scenes, theatrical trailer, cast and crew. |
| 508 ## - CREATION/PRODUCTION CREDITS NOTE | |
| Creation/production credits note | Director of photography, John Alton ; editor, Ferris Webser ; music, Adolph Deutsch. |
| 511 1# - PARTICIPANT OR PERFORMER NOTE | |
| Participant or performer note | Spencer Tracy, Joan Bennett, Elizabeth Taylor, Don Taylor, Billie Burke, Leo G. Carroll, Moroni Olsen. |
| 520 ## - SUMMARY, ETC. | |
| Summary, etc | Chaos reigns when the beautiful daughter of a family casually announces her plans to marry. What follows is a warmly humorous story, with wedding preparations, ruffled egos and the unavoidable meeting with the prospective in-laws. |
| 521 8# - TARGET AUDIENCE NOTE | |
| Target audience note | Not rated. |
| 538 ## - SYSTEM DETAILS NOTE | |
| System details note | DVD, region 1; NTSC. |
| 546 ## - LANGUAGE NOTE | |
| Language note | English and French language tracks with optional subtitles in English, French, Spanish, Portuguese, Chinese, Japanese, Thai, and Korean; closed-captioned for the hearing impaired. |
| 650 #0 - SUBJECT ADDED ENTRY--TOPICAL TERM | |
| Topical term or geographic name as entry element | Marriage |
| Geographic subdivision | United States |
| Form subdivision | Drama. |
| 9 (RLIN) | 25772 |
| 650 #0 - SUBJECT ADDED ENTRY--TOPICAL TERM | |
| Topical term or geographic name as entry element | Fathers and daughters |
| Geographic subdivision | United States |
| Form subdivision | Drama. |
| 9 (RLIN) | 25773 |
| 650 #0 - SUBJECT ADDED ENTRY--TOPICAL TERM | |
| Topical term or geographic name as entry element | Families |
| Geographic subdivision | United States |
| Form subdivision | Drama. |
| 9 (RLIN) | 25774 |
| 650 #7 - SUBJECT ADDED ENTRY--TOPICAL TERM | |
| Topical term or geographic name as entry element | Matrimonio |
| Form subdivision | Teatro. |
| Source of heading or term | bidex |
| 9 (RLIN) | 25775 |
| 650 #7 - SUBJECT ADDED ENTRY--TOPICAL TERM | |
| Topical term or geographic name as entry element | Familia |
| Form subdivision | Teatro. |
| Source of heading or term | bidex |
| 9 (RLIN) | 25776 |
| 650 #0 - SUBJECT ADDED ENTRY--TOPICAL TERM | |
| Topical term or geographic name as entry element | Marriage |
| Form subdivision | Drama. |
| 9 (RLIN) | 25777 |
| 650 #0 - SUBJECT ADDED ENTRY--TOPICAL TERM | |
| Topical term or geographic name as entry element | Daughters |
| Form subdivision | Drama. |
| 9 (RLIN) | 25778 |
| 650 #0 - SUBJECT ADDED ENTRY--TOPICAL TERM | |
| Topical term or geographic name as entry element | Families |
| Form subdivision | Drama. |
| 9 (RLIN) | 25779 |
| 650 #0 - SUBJECT ADDED ENTRY--TOPICAL TERM | |
| Topical term or geographic name as entry element | Matrimonio |
| Form subdivision | Teatro. |
| Source of heading or term | bidex |
| 9 (RLIN) | 25780 |
| 650 #0 - SUBJECT ADDED ENTRY--TOPICAL TERM | |
| Topical term or geographic name as entry element | Familia |
| Form subdivision | Teatro. |
| Source of heading or term | bidex |
| 9 (RLIN) | 25781 |
| 655 #0 - INDEX TERM--GENRE/FORM | |
| Genre/form data or focus term | Feature films. |
| -- | 25782 |
| 655 #0 - INDEX TERM--GENRE/FORM | |
| Genre/form data or focus term | Fiction films. |
| -- | 25783 |
| 655 #0 - INDEX TERM--GENRE/FORM | |
| Genre/form data or focus term | Domestic comedy films. |
| -- | 25784 |
| 655 #0 - INDEX TERM--GENRE/FORM | |
| Genre/form data or focus term | Comedy films. |
| -- | 25785 |
| 655 #0 - INDEX TERM--GENRE/FORM | |
| Genre/form data or focus term | Video recordings for the hearing impaired. |
| -- | 20953 |
| 655 #7 - INDEX TERM--GENRE/FORM | |
| Genre/form data or focus term | Comedy |
| Form subdivision | Feature. |
| Source of term | migfg |
| -- | 25786 |
| 655 #7 - INDEX TERM--GENRE/FORM | |
| Genre/form data or focus term | Comedy films. |
| Source of term | gsafd |
| -- | 25787 |
| 700 1# - ADDED ENTRY--PERSONAL NAME | |
| Personal name | Berman, Pandro S., |
| Dates associated with a name | 1905-1996. |
| 9 (RLIN) | 25788 |
| 700 1# - ADDED ENTRY--PERSONAL NAME | |
| Personal name | Minnelli, Vincente. |
| 9 (RLIN) | 25789 |
| 700 1# - ADDED ENTRY--PERSONAL NAME | |
| Personal name | Goodrich, Frances. |
| 9 (RLIN) | 25790 |
| 700 1# - ADDED ENTRY--PERSONAL NAME | |
| Personal name | Hackett, Albert. |
| 9 (RLIN) | 25791 |
| 700 1# - ADDED ENTRY--PERSONAL NAME | |
| Personal name | Tracy, Spencer, |
| Dates associated with a name | 1900-1967. |
| 9 (RLIN) | 25792 |
| 700 1# - ADDED ENTRY--PERSONAL NAME | |
| Personal name | Bennett, Joan, |
| Dates associated with a name | 1910-1990. |
| 9 (RLIN) | 25793 |
| 700 1# - ADDED ENTRY--PERSONAL NAME | |
| Personal name | Taylor, Elizabeth, |
| Dates associated with a name | 1932-2011. |
| 9 (RLIN) | 25794 |
| 700 1# - ADDED ENTRY--PERSONAL NAME | |
| Personal name | Taylor, Don, |
| Dates associated with a name | 1920-1998. |
| 9 (RLIN) | 25795 |
| 700 1# - ADDED ENTRY--PERSONAL NAME | |
| Personal name | Burke, Billie, |
| Dates associated with a name | 1885-1970. |
| 9 (RLIN) | 25796 |
| 700 1# - ADDED ENTRY--PERSONAL NAME | |
| Personal name | Carroll, Leo G., |
| Dates associated with a name | 1886-1972. |
| 9 (RLIN) | 25797 |
| 700 1# - ADDED ENTRY--PERSONAL NAME | |
| Personal name | Olsen, Moroni, |
| Dates associated with a name | 1889-1954. |
| 9 (RLIN) | 25798 |
| 700 1# - ADDED ENTRY--PERSONAL NAME | |
| Personal name | Streeter, Edward, |
| Dates associated with a name | 1891-1976. |
| Title of a work | Father of the bride. |
| 9 (RLIN) | 25799 |
| 710 2# - ADDED ENTRY--CORPORATE NAME | |
| Corporate name or jurisdiction name as entry element | Metro-Goldwyn-Mayer. |
| 9 (RLIN) | 25800 |
| 710 2# - ADDED ENTRY--CORPORATE NAME | |
| Corporate name or jurisdiction name as entry element | Warner Home Video (Firm) |
| 9 (RLIN) | 25801 |
| 942 ## - ADDED ENTRY ELEMENTS (KOHA) | |
| Source of classification or shelving scheme | Library of Congress Classification |
| Item type | Audio Cassette(Tape) |
| 948 1# - LOCAL PROCESSING INFORMATION (OCLC); SERIES PART DESIGNATOR (RLIN) | |
| Series part designator, SPT (RLIN) | 20110425 |
| b (OCLC) | c |
| c (OCLC) | yz2173 |
| d (OCLC) | OSMC |
| Withdrawn status | Lost status | Source of classification or shelving scheme | Damaged status | Not for loan | Home library | Current library | Date acquired | Total Checkouts | Full call number | Barcode | Date last seen | Price effective from | Koha item type |
|---|---|---|---|---|---|---|---|---|---|---|---|---|---|
| Library of Congress Classification | AIU/NEGST - Tony Wilmot Memorial Library | AIU/NEGST - Tony Wilmot Memorial Library | 03/04/2014 | PN1995.9.C55F38 2006 VIDEO | R287493232 | 07/28/2014 | 03/04/2014 | Audio Cassette(Tape) |
